Diversidad de insectos herbívoros en interior y borde de bosque en la Reserva Forestal de Eccalerete (Registro nro. 15046)

Detalles MARC
000 -CABECERA
Campo de control 004390000a22001330004500
090 ## - CLASIFICACIÓN LOCAL
Colección AS
Consecutivo Seriadas
041 0# - IDIOMA
Código de idioma para texto/pista de sonido o título separado
100 1# - ASIENTO PRINCIPAL--NOMBRE PERSONAL
Nombre personal Montealegre, Fernando
245 10 - MENCION DE TITULO
Título Diversidad de insectos herbívoros en interior y borde de bosque en la Reserva Forestal de Eccalerete
700 1# - ASIENTO SECUNDARIO - NOMBRE PERSONAL
Nombre personal Medina, Claudia Alejandra
700 1# - ASIENTO SECUNDARIO - NOMBRE PERSONAL
Nombre personal Kattan, Gustavo H.
773 1# - Item fuente:
Título Cespedesia
Especificación de materiales 124
Descripción física 68
Paginas del Articulo 29-40
Lugar, editorial y fecha de publicación 1996
Información sobre la relación 21
942 ## - ELEMENTOS ADICIONALES (KOHA)
Tipo de ítem Artículo

No hay ítems disponibles.